Peter Drucker: lo esencial del Management
Gespeichert in:
| 1. Verfasser: | |
|---|---|
| Format: | Buch |
| Sprache: | Spanisch |
| Veröffentlicht: |
Viña del Mar
Ediciones Altazor
2010
|
| Schlagworte: | |
| Tags: |
Tag hinzufügen
Keine Tags, Fügen Sie den ersten Tag hinzu!
|
MARC
| LEADER | 00000cam a2200000 a 4500 | ||
|---|---|---|---|
| 001 | UCF3259 | ||
| 003 | CL-VaPUC | ||
| 008 | 121004e20100000CL |||||||||||||||||spa|d | ||
| 020 | |a 9789567472789 | ||
| 082 | 0 | 4 | |a 658 |b MIE |2 21 |
| 100 | |a Mies Moreno, Rafael |e autor |9 565191 | ||
| 245 | 1 | 0 | |a Peter Drucker: lo esencial del Management |
| 300 | |a 330 p | ||
| 942 | |c BK | ||
| 945 | |d 20121004 00:00:00 |a dcastane | ||
| 260 | |a Viña del Mar |b Ediciones Altazor |c 2010 | ||
| 650 | 0 | |a Administración de empresas |9 260833 | |
| 650 | 0 | |a Planificación empresarial |9 259791 | |
| 650 | 7 | |a GERENCIA DE EMPRESAS |2 CL-VaPUC |9 375855 | |
| 583 | |a last modification |c 20121004 18:42:00 |k Rodrigo Vera | ||
| 999 | |c 349721 |d 349719 | ||
| 952 | |0 0 |1 0 |4 0 |6 658_000000000000000_MIE_2010 |7 0 |8 A |9 452475 |a BIBEDU |b BIBEDU |d 2019-11-22 |i 4911431 |o 658 MIE 2010 |p 4911431 |r 2019-11-22 |w 2019-11-22 |y BK |k CUE | ||
| 952 | |0 0 |1 0 |4 0 |6 658_000000000000000_MIE_2010 |7 0 |8 A |9 452476 |a BIBING |b BIBING |d 2019-11-22 |i 491161K |l 1 |o 658 MIE 2010 |p 491161K |r 2025-01-20 |s 2023-10-03 |w 2019-11-22 |y BK |k CUI | ||
| 952 | |0 0 |1 0 |4 0 |6 658_000000000000000_MIE_2010 |7 0 |8 C |9 452477 |a BIBCUR |b BIBCUR |d 2019-11-22 |i 4911830 |o 658 MIE 2010 |p 4911830 |r 2025-04-22 |w 2019-11-22 |y BK |k CAC | ||
| 952 | |0 0 |1 0 |4 0 |6 658_000000000000000_MIE_2010 |7 0 |8 A |9 452478 |a BIBENE |b BIBENE |d 2019-11-22 |i 4958136 |l 1 |o 658 MIE 2010 |p 4958136 |r 2025-01-15 |s 2024-09-03 |w 2019-11-22 |y BK |k ICO | ||